Пропуск в контексте
VuFind
Язык
English
Deutsch
Español
Français
Italiano
日本語
Nederlands
Português
Português (Brasil)
中文(简体)
中文(繁體)
Türkçe
עברית
Gaeilge
Cymraeg
Ελληνικά
Català
Euskara
Русский
Čeština
Suomi
Svenska
polski
Dansk
slovenščina
اللغة العربية
বাংলা
Galego
Tiếng Việt
Hrvatski
हिंदी
Все поля
Заглавие
Автор
Предмет
Шифр
ISBN/ISSN
Метка
Найти
Расширенный поиск
Reset Filters
Предлагаемые темы:
Theory Economics
Reset Filters
Show filters (1)
Предлагаемые темы:
Theory Economics
Поиск
Graduate School of Oce
Цитировать
Отправить на Email
Печать
Запись для экспорта
Экспорт в RefWorks
Экспорт в EndNoteWeb
Экспорт в EndNote
permanent_link
Загрузка...
Graduate School of Oce
Библиографические подробности
Язык:
English
Фонды
Описание
Схожие документы
Marc-запись
LEADER
00198nam a22000857a 4500
005
20151028162549.0
008
101021t xxu||||| |||| 00| 0 eng d
245
|a
Graduate School of Oce
942
|c
BK
|6
_
999
|c
82298
|d
82298
Схожие документы
The Oce
Oce
IOC (Intergovernmental Oce Technical Series
Graduate school : A study of graduate work at the London school of Economics /
по: Glennerster, Howard
Опубликовано: (1966)
Graduate School of Oceanogra
Загрузка...